IV Jornadas de Restauración Monumental y Preservación Arquitectónica y Urbana. Segundo Encuentro de Especialistas Americanos: ponencias preliminares, 11, 12 y 13 de octubre de 1993, Universidad del Bio-Bio. Concepcion, Chile
Saved in:
| Format: | Bog |
|---|---|
| Sprog: | spansk |
| Udgivet: |
Concepción
Universidad del Bío-Bío
1993
|
| Fag: | |
| Tags: |
Tilføj Tag
Ingen Tags, Vær først til at tagge denne postø!
|
MARC
| LEADER | 00000nam a2200000 a 4500 | ||
|---|---|---|---|
| 001 | UCX7721 | ||
| 003 | CL-VaPUC | ||
| 005 | 20240625130702.0 | ||
| 008 | 931228e19930000cl 1 spa d | ||
| 999 | |c 382182 |d 382180 | ||
| 040 | |c Pontificia Universidad Católica de Valparaíso | ||
| 082 | 0 | 4 | |a 721 JOR 1993 |2 21 |
| 245 | 1 | 0 | |a IV Jornadas de Restauración Monumental y Preservación Arquitectónica y Urbana. Segundo Encuentro de Especialistas Americanos: ponencias preliminares, 11, 12 y 13 de octubre de 1993, Universidad del Bio-Bio. Concepcion, Chile |
| 260 | |a Concepción |b Universidad del Bío-Bío |c 1993 | ||
| 300 | |a 115 páginas | ||
| 518 | |p Jornadas de Restauración Monumental, 4, Concepcion, Chile, 1993 | ||
| 546 | |a En Español | ||
| 583 | |a last modification |c 19931228 00:00:00 |k Rodrigo Vera | ||
| 650 | 0 | 0 | |a Construcción |9 260195 |
| 650 | 0 | 0 | |a Arquitectura |v Conservación y restauración |9 317557 |
| 942 | |c BK |2 ddc | ||
| 945 | |a nfarias |d 19931228 00:00:00 | ||
| 952 | |0 0 |1 0 |2 ddc |4 0 |6 721_000000000000000_JOR_1993 |7 0 |8 A |9 503749 |a BIBHIS |b BIBHIS |d 2020-01-23 |i 2955326 |o 721 JOR 1993 |p 2955326 |r 2025-01-20 |t 1 |w 2020-01-23 |y BK |k HIS | ||